| 000 | 00719nam a2200241 u 4500 | ||
|---|---|---|---|
| 005 | 20210223133813.0 | ||
| 008 | 190522s1982 es r 000 0 spa d | ||
| 020 | _a842391867X | ||
| 035 | _aUPN01000230594 | ||
| 049 | _aCG | ||
| 050 | 4 |
_aPQ9261 P4.17 _bA5.7 1982 |
|
| 100 | 1 |
_aPessoa, Fernando, _d1888-1935 _930063 |
|
| 245 | 1 | 0 |
_aAntología poética : _bel poeta es un fingidor / _cFernando Pessoa ; ed. y tr. Angel Crespo. |
| 250 | _a6a ed. | ||
| 260 |
_aMadrid : _bEspasa-Calpe, _c1982. |
||
| 300 | _a393 p. | ||
| 440 | 0 |
_aAustral ; _v67 |
|
| 650 | 4 |
_aLITERATURA PORTUGUESA _95579 |
|
| 650 | 4 |
_aPOESIA PORTUGUESA _919232 |
|
| 700 | 1 |
_aCrespo, Angel, _d1926-1995 _eed. |
|
| 905 | _aLibro | ||
| 999 |
_c202689 _d202689 |
||